00338 2200145 4500001002100000005001500021035002000036245004200056100001700098300001200115260003100127082000800158084001400166990001200180INLIS00000000000192020250521014049 a0010-05250002121 aDi Kaki Bukit Cibalak /cAhmad Tohari0 aAhmad Tohari a172 hlm aJakarta :bGramedia,c2005 a800 a800 AHM d a0713439